000 00544nam a22001817a 4500
005 20251108164824.0
008 250721s1996 xx 000 0 ara d
082 1 4 _a616.2/كل
245 1 0 _aكل شيء عن الصدر /
264 1 _aالقاهره :
_bالدار الدولية للنشر و التوزيع،
_c1996.
300 _a91ص
490 0 _aسلسلة الصحة
650 1 7 _aالجهاز التنفسي
650 1 7 _aأمراض التنفس
650 1 7 _aالأمراض الصدرية
942 _2ddc
_cBK
999 _c15209
_d15209